| 000 | 00566nam a22002177a 4500 | ||
|---|---|---|---|
| 003 | UA-OsUOA | ||
| 001 | 88198 | ||
| 007 | ta | ||
| 008 | 20121002b un ||||| |||| 00| 0 ukr d | ||
| 090 | _a211 | ||
| 942 | _cBK | ||
| 040 |
_aUA-OsUOA _brus _cUA-OsUOA _dUA-OsUOA |
||
| 245 |
_aЕжегодник музея истории религии и атеизма _cБонч-Бруевич В.Д. _nТ 1 |
||
| 300 | _a521 с. | ||
| 955 | _a5 | ||
| 041 | _arus | ||
| 080 | _a211 | ||
| 260 |
_aМ. _bАкадемия наук СССР |
||
| 650 | 7 | _2UDC | |
| 999 |
_c374607 _d374607 |
||